<A >Guardadora de Patos (Registo nº 30868)

Detalhes MARC
000 -Etiqueta do registo
Valores 00637nam a2200241 4500
010 ## - Número ISBN
ISBN 9789720702562
021 ## - Número do Depósito Legal
-- PT
Número 243539/06
090 ## -
-- 30868
100 ## - Dados gerais de processamento
Dados gerais 20100202d2006 a 0pory5003 ba
101 ## - Língua de publicação
-- Por
102 ## - País de publicação
-- PT
105 ## -
-- a z 001fy
200 1# - Titulo e menção de responsabilidade
Título próprio <A >Guardadora de Patos
Título paralelo <Os >Cisnes Selvagens
Primeira menção de responsabilidade J. Thomas/Bilstein
Outras menções de responsabilidade il. F. Herreros
210 ## - Publicação
Local de publicação Porto
Nome do editor Porto Editora
Data de publicação 2006
215 ## - Descrição física 
Paginação / Volumes 36 p.
Dimensões 16 cm.
225 2# - Colecção 
Título próprio da colecção mini Contos
Indicação de volume 6
675 ## - CDU
Notação 087.5
Edição BNL
Língua por
700 #1 - Autor principal (pessoa individual)
Apelido Thomas/Bilstein
Nome J.
702 #1 - Autor secundário (pessoa individual)
Apelido Herreros
Nome F.
-- 440
930 ## -
-- BECRE
990 ## - Elementos KOHA
Tipo de documento Livro
995 ## - Localização e informação dos exemplares
-- 18
Exemplares
Situação do levantamento Estado Biblioteca de origem Biblioteca de empréstimo Código de barras Cota Permissão de empréstimo Tipo de documento
  Completo Biblioteca do Centro Escolar de Viana do Alentejo Biblioteca do Centro Escolar de Viana do Alentejo 1544BV 087.5 CON Disponível Livro




Powered by Koha